000
00305nam a2200121Ia 4500
005
20251222141950.0
008
251222s9999||||xx |||||||||||||| ||spa||
020
_a
958-704-368-5
082
_a
REF.463/A82
245
0
_a
Diccionario Panhispánismo de Dudas
264
_b
Real Academia Española
942
_c
LIB
999
_c
9662
_d
9662